বাংলার কৃষক বিদ্রোহ ও মধবিত্তশ্রেণি : (Record no. 39156)
[ view plain ]
| 000 -LEADER | |
|---|---|
| fixed length control field | 00901nam a2200229 a 4500 |
| 001 - CONTROL NUMBER | |
| control field | 39156 |
| 003 - CONTROL NUMBER IDENTIFIER | |
| rucl marc code | BD-RjUL |
| 005 - DATE AND TIME OF LATEST TRANSACTION | |
| control field | 20211209052929.0 |
| 008 - FIXED-LENGTH DATA ELEMENTS--GENERAL INFORMATION | |
| fixed length control field | 160405s2012 bg ||||e |||| 000 0 ben d |
| 020 ## - INTERNATIONAL STANDARD BOOK NUMBER | |
| International Standard Book Number | 9840749862 |
| Terms of availability | TK.160.00 |
| 035 ## - SYSTEM CONTROL NUMBER | |
| System control number | (BD-RjUL) 39268 |
| 040 ## - CATALOGING SOURCE | |
| Original cataloging agency | BD-RjUL |
| Language of cataloging | ben |
| Transcribing agency | BD-RjUL |
| 041 ## - LANGUAGE CODE | |
| Language code of text/sound track or separate title | ben |
| 082 ## - DEWEY DECIMAL CLASSIFICATION NUMBER | |
| Edition number | 23 |
| Author mark and year | BAB 2012 |
| Classification number | 305.563 |
| 100 ## - MAIN ENTRY--PERSONAL NAME | |
| Personal name | বাছির, আবদুল |
| 9 (RLIN) | 120810 |
| 245 10 - TITLE STATEMENT | |
| Title | বাংলার কৃষক বিদ্রোহ ও মধবিত্তশ্রেণি : |
| Remainder of title | (১৭৫৭-১৮৫৭) / |
| Statement of responsibility, etc. | আবদুল বাছির |
| 260 ## - PUBLICATION, DISTRIBUTION, ETC. (IMPRINT) | |
| Place of publication, distribution, etc. | ঢাকা : |
| Name of publisher, distributor, etc. | বাংলা একাডেমী, |
| Date of publication, distribution, etc. | ২০১২ |
| 300 ## - PHYSICAL DESCRIPTION | |
| Pagination | [ছয়], ১৭২ পৃ. ; |
| Size | ২২ সেমি. |
| 650 ## - SUBJECT ADDED ENTRY--TOPICAL TERM | |
| Topical term or geographic name as entry element | কৃষি ও মধবিত্তশ্রেণি |
| 9 (RLIN) | 120824 |
| Topical term or geographic name as entry element | Agricultural Lower Classes |
| 9 (RLIN) | 120825 |
| 942 ## - ADDED ENTRY ELEMENTS (KOHA) | |
| Source of classification or shelving scheme | Dewey Decimal Classification |
| Koha item type | Books |
| Lost status | Source of classification or shelving scheme | Damaged status | Not for loan | Collection code | Permanent Location | Current Location | Shelving location | Date acquired | Source of acquisition | Cost, normal purchase price | Total Checkouts | Full call number | Date last seen | Copy number | Koha item type | Date checked out |
|---|---|---|---|---|---|---|---|---|---|---|---|---|---|---|---|---|
| Dewey Decimal Classification | Not For Loan | Non-fiction | Central Library, University of Rajshahi | Central Library, University of Rajshahi | Reading Room | 23/06/2013 | Bangla Academy, Dhaka | 160.00 | B 305.563 BAB 2012 | 05/04/2016 | C-1 | Books | ||||
| Dewey Decimal Classification | Non-fiction | Central Library, University of Rajshahi | Central Library, University of Rajshahi | 23/06/2013 | Bangla Academy, Dhaka | 160.00 | 6 | B 305.563 BAB 2012 | 27/02/2023 | C-2 | Books | 17/12/2021 | ||||
| Dewey Decimal Classification | Non-fiction | Central Library, University of Rajshahi | Central Library, University of Rajshahi | 23/06/2013 | Bangla Academy, Dhaka | 160.00 | 8 | B 305.563 BAB 2012 | 06/03/2022 | C-3 | Books | 10/02/2022 |